Fra l'odio e l'amore /
Salvato in:
| Autore principale: | |
|---|---|
| Natura: | Libro |
| Lingua: | italiano |
| Pubblicazione: |
[s.l.] :
CSF edizioni,
2004
|
| Tags: |
Nessun Tag, puoi essere il primo ad aggiungerne!!
|
MARC
| LEADER | 00000nam a22000007i 4500 | ||
|---|---|---|---|
| 001 | IT\ICCU\UBO\2628723 | ||
| 003 | ItRI | ||
| 005 | 20260225172601.0 | ||
| 008 | 050113s2004 it |||||| ||||| |||||c | ||
| 040 | |b ita |c GP | ||
| 041 | 7 | |a ita |2 ISO-639-2 | |
| 100 | 1 | |a Liberatore, Carla |0 IT\ICCU\UBOV\938044 |4 aut | |
| 245 | 1 | 0 | |a Fra l'odio e l'amore / |c Carla Liberatore. |
| 260 | |a [s.l.] : |b CSF edizioni, |c 2004 | ||
| 300 | |a 194 p. ; |c 21 cm. | ||
| 942 | |2 ddc |c BK | ||
| 952 | |0 0 |1 0 |2 ddc |4 0 |6 853_920000000000000_LIB |7 1 |9 1172 |a RM |b RM |d 2024-04-03 |l 0 |o 853.92 LIB |p 718 |r 2024-04-03 19:28:20 |w 2024-04-03 |y BK | ||
| 952 | |0 0 |1 0 |4 0 |6 L_853_920000000000000_LIB |7 0 |9 22751 |a BO |b BO |d 2026-01-15 |i 8462 |l 0 |o L 853.92 LIB |p BO8462 |r 2026-01-15 23:22:37 |w 2026-01-15 |x [Sebina 5] [1 v.] |y BK |z 1 v. | ||
| 999 | |c 1076 |d 1076 | ||